00491nam a2200193 a 4500001001300000003000900013005001700022008004100039020000900080082001500089100001800104245002700122260004500149300000800194500003500202650002000237700002200257700001800279nice12345678IN_TiNIC20260116014854.0110323s2006 newa grp 000 0 eng  ac3000a362.7bGEO aGeorge, S D B aLiving By Balues (B.0) aNew Delhi bSavio Pubs. Pvt. Ltd. c2006 a32p aincludes index and biblioraphy aChild Education1 aMariella, I B M V1 aJerry, Thomas